Elementos históricos de la revolución social en América Latina

Guardado en:
Bibliografiske detaljer
Hovedforfatter: Montero Quirós, Gerardo
Format: Texto
Udgivet: San José: Offiprint Industrial
Tags: Tilføj Tag
Ingen Tags, Vær først til at tagge denne postø!

MARC

LEADER 00000 a a2200000 04500
001 22785
003
040
090 |a 156500  
100 |a Montero Quirós, Gerardo  
245 |a Elementos históricos de la revolución social en América Latina  
260 |a San José:   |b Offiprint Industrial  
300 |a 92 p.  
999 |c 12732  |d 12732